[Event "HUN-chT2 Erkel 1314"]
[Site "Hungary"]
[Date "2014.02.16"]
[Round "7.9"]
[White "Lovas, Zsolt"]
[Black "Kustra, Pal"]
[Result "0-1"]
[WhiteElo "2072"]
[BlackElo "2055"]
[PlyCount "88"]
[EventDate "2013.09.08"]
[EventType "team-tourn"]
[EventRounds "11"]
[EventCountry "HUN"]
[SourceTitle "EXT 2016"]
[Source "ChessBase"]
[SourceDate "2015.10.08"]
[SourceVersion "1"]
[SourceVersionDate "2015.10.08"]
[SourceQuality "1"]
[WhiteTeam "Budapest Honved"]
[BlackTeam "Pestszentlorinc"]
[WhiteTeamCountry "HUN"]
[BlackTeamCountry "HUN"]

1. e4 g6 2. d4 Bg7 3. Nf3 c5 4. dxc5 Qa5+ 5. c3 Qxc5 6. Na3 Nf6 7. Be3 Qa5 8. Nc4 Qc7 9. Qd3 Nc6 10. h3 b5 11. Na3 a6 12. Nc2 Bb7 13. Rc1 0-0 14. Nd2 Rad8 15. Qe2 d5 16. exd5 Nxd5 17. Nf3 e5 18. g3 f5 19. Bg5 Rd7 20. c4 bxc4 21. Qxc4 h6 22. Bd2 Kh7 23. Qh4 f4 24. Ng5+ Kh8 25. Ne6 Qd6 26. Nxf8 Qxf8 27. gxf4 exf4 28. f3 Bxb2 29. Rg1 g5 30. Rxg5 Qe7+ 31. Kf2 Qxg5 32. Qxg5 hxg5 33. Rb1 Bf6 34. Rb3 Nd4 35. Nxd4 Bxd4+ 36. Kg2 Ne3+ 37. Bxe3 Bxe3 38. Rb2 Rd2+ 39. Rxd2 Bxd2 40. Bc4 Kg7 41. Be6 Kf6 42. Bg4 Ke5 43. Kf2 Bd5 44. Ke2 Bb4 0-1

[Event "HUN-chT2 Erkel 1314"]
[Site "Hungary"]
[Date "2013.09.08"]
[Round "1.9"]
[White "Lenkei, Robert"]
[Black "Kustra, Pal"]
[Result "0-1"]
[WhiteElo "1742"]
[BlackElo "2055"]
[PlyCount "80"]
[EventDate "2013.09.08"]
[EventType "team-tourn"]
[EventRounds "11"]
[EventCountry "HUN"]
[SourceTitle "EXT 2016"]
[Source "ChessBase"]
[SourceDate "2015.10.08"]
[SourceVersion "1"]
[SourceVersionDate "2015.10.08"]
[SourceQuality "1"]
[WhiteTeam "Szada GSBE"]
[BlackTeam "Pestszentlorinc"]
[WhiteTeamCountry "HUN"]
[BlackTeamCountry "HUN"]

1. e4 g6 2. d4 Bg7 3. Nf3 c5 4. c3 cxd4 5. cxd4 Nf6 6. e5 Nd5 7. Bc4 Nb6 8. Qb3 Nxc4 9. Qxc4 0-0 10. 0-0 d6 11. Bf4 Nc6 12. exd6 exd6 13. Re1 Bg4 14. Nbd2 Rc8 15. d5 Nd4 16. Qb4 Nc2 17. Qxd6 Nxa1 18. Rxa1 Qxd6 19. Bxd6 Rfd8 20. Be5 Rxd5 21. Bxg7 Kxg7 22. h3 Bxf3 23. Nxf3 Rcd8 24. Kf1 Rd1+ 25. Rxd1 Rxd1+ 26. Ke2 Rb1 27. b3 Rb2+ 28. Ke3 Rxa2 29. Nd4 Kf6 30. h4 h5 31. g3 Ke5 32. Ne2 Rxe2+ 33. Kxe2 Kd4 34. Kd2 a5 35. f3 f5 36. f4 b5 37. Kc2 Ke3 38. Kc3 Kf3 39. Kd4 Kxg3 40. Kc5 a4 0-1

[Event "HUN-chT2 Erkel 1011"]
[Site "Hungary"]
[Date "2011.04.17"]
[Round "9.5"]
[White "Mocza, Attila"]
[Black "Kustra, Pal"]
[Result "1/2-1/2"]
[WhiteElo "1933"]
[BlackElo "2117"]
[PlyCount "86"]
[EventDate "2010.09.12"]
[EventType "team-tourn"]
[EventRounds "11"]
[EventCountry "HUN"]
[SourceTitle "EXT 2012"]
[Source "ChessBase"]
[SourceDate "2011.11.24"]
[SourceVersion "1"]
[SourceVersionDate "2011.11.24"]
[SourceQuality "1"]
[WhiteTeam "Toth Laszlo"]
[BlackTeam "Pestszentlorinc"]
[WhiteTeamCountry "HUN"]
[BlackTeamCountry "HUN"]

1. d4 g6 2. c4 Bg7 3. Nc3 c5 4. d5 e6 5. e4 exd5 6. exd5 d6 7. Be2 Ne7 8. Nf3 Bg4 9. 0-0 0-0 10. h3 Bxf3 11. Bxf3 Nd7 12. Bf4 Ne5 13. Be2 Nf5 14. Qd2 Re8 15. Rae1 Nd4 16. Bxe5 Bxe5 17. f4 Bg7 18. Bd3 f5 19. Rxe8+ Qxe8 20. Re1 Qd7 21. Ne2 Re8 22. Nxd4 Rxe1+ 23. Qxe1 Bxd4+ 24. Kf1 Bxb2 25. Qe6+ Qxe6 26. dxe6 Kf8 27. Be2 Ke7 28. Bf3 b5 29. Bd5 bxc4 30. Bxc4 Bc1 31. g3 g5 32. fxg5 Bxg5 33. Ke2 Kf6 34. h4 Bh6 35. Kf3 Bd2 36. Ke2 Ba5 37. Kf3 h6 38. Bd5 Bc3 39. Bc4 Be5 40. Bd5 Bc3 41. Bc4 Bd2 42. Ke2 Bc1 43. Kf3 Bd2 1/2-1/2

[Event "HUN-chT2 Erkel 0910"]
[Site "Hungary"]
[Date "2010.02.28"]
[Round "7.5"]
[White "Kustra, Pal"]
[Black "Novaky, Csaba"]
[Result "0-1"]
[WhiteElo "2131"]
[BlackElo "2076"]
[PlyCount "110"]
[EventDate "2009.11.08"]
[EventType "team-tourn"]
[EventRounds "11"]
[EventCountry "HUN"]
[SourceTitle "EXT 2011"]
[Source "ChessBase"]
[SourceDate "2010.11.26"]
[SourceVersion "1"]
[SourceVersionDate "2010.11.26"]
[SourceQuality "1"]
[WhiteTeam "Pestszentlorinc"]
[BlackTeam "Barcza"]
[WhiteTeamCountry "HUN"]
[BlackTeamCountry "HUN"]

1. e4 e5 2. Bc4 Bc5 3. Nf3 Nc6 4. c3 Nf6 5. d4 exd4 6. cxd4 Bb4+ 7. Bd2 Bxd2+ 8. Nbxd2 d5 9. exd5 Nxd5 10. Qb3 Na5 11. Qa4+ Nc6 12. Ne5 0-0 13. Nxc6 Qe8+ 14. Kf1 Nb6 15. Qb4 Qxc6 16. Qc5 Nxc4 17. Nxc4 Qe4 18. Ne5 b6 19. Qc3 Ba6+ 20. Kg1 Rad8 21. Nf3 c5 22. dxc5 Rd3 23. Qe5 Qxe5 24. Nxe5 Rd5 25. Ng4 Rxc5 26. h3 Rc2 27. b3 Rd8 28. Ne3 Rb2 29. Nd1 Rbd2 30. Kh2 h5 31. Re1 Kf8 32. Kg1 R8d3 33. Ne3 g6 34. b4 Ra3 35. Red1 Raxa2 36. Rxd2 Rxa1+ 37. Kh2 Bb5 38. Nd5 Rb1 39. Rd4 Bc6 40. Nc3 Rb3 41. Rc4 Bd7 42. f3 a5 43. bxa5 bxa5 44. Ne4 Rb7 45. g4 h4 46. Nc5 Rb2+ 47. Kg1 Bb5 48. Rf4 Ke7 49. g5 Rc2 50. Re4+ Kf8 51. Nb3 a4 52. Nd4 Rc1+ 53. Kf2 a3 54. Re5 a2 55. Nb3 Bc4 0-1

[Event "Budapest FS04 FM-A"]
[Site "Budapest"]
[Date "2004.04.13"]
[Round "10"]
[White "Kustra, Pal"]
[Black "Halldorsson, Jon Arni"]
[Result "1/2-1/2"]
[WhiteElo "2059"]
[BlackElo "2193"]
[PlyCount "83"]
[EventDate "2004.04.04"]
[EventType "tourn"]
[EventRounds "11"]
[EventCountry "HUN"]
[SourceTitle "CBM 099 Extra"]
[Source "ChessBase"]
[SourceDate "2004.05.04"]
[SourceVersion "1"]
[SourceVersionDate "2004.05.04"]
[SourceQuality "1"]

1. e4 e6 2. c4 d5 3. exd5 exd5 4. cxd5 Nf6 5. Bb5+ Nbd7 6. Nc3 Be7 7. d4 0-0 8. Bxd7 Qxd7 9. Qb3 Rd8 10. Nf3 Nxd5 11. 0-0 Nb6 12. Bf4 c6 13. Rfe1 Bd6 14. Bg5 Re8 15. Ne4 Bf8 16. Nc5 Bxc5 17. dxc5 Nd5 18. Rxe8+ Qxe8 19. Re1 Qf8 20. a3 h6 21. Be3 Qd8 22. Bd4 b6 23. Ne5 Bd7 24. Qg3 bxc5 25. Nxf7 Qf8 26. Ne5 cxd4 27. Nxd7 Qf5 28. Nc5 Nf4 29. Ne4 d3 30. Qe3 Rd8 31. Nd2 Qg4 32. Qf3 Ne2+ 33. Kf1 Qd4 34. Qxc6 Qxb2 35. Nc4 Qd4 36. Qe6+ Kh7 37. Qf5+ Kh8 38. Ne5 d2 39. Rd1 Re8 40. Nf7+ Kg8 41. Nxh6+ Kh8 42. Nf7+ 1/2-1/2

[Event "Budapest FS04 FM-A"]
[Site "Budapest"]
[Date "2004.04.10"]
[Round "7"]
[White "Bjornsson, Tomas"]
[Black "Kustra, Pal"]
[Result "1-0"]
[WhiteElo "2256"]
[BlackElo "2059"]
[PlyCount "49"]
[EventDate "2004.04.04"]
[EventType "tourn"]
[EventRounds "11"]
[EventCountry "HUN"]
[SourceTitle "CBM 099 Extra"]
[Source "ChessBase"]
[SourceDate "2004.05.04"]
[SourceVersion "1"]
[SourceVersionDate "2004.05.04"]
[SourceQuality "1"]

1. e4 g6 2. d4 Bg7 3. Nc3 d6 4. Be3 Nf6 5. f3 a6 6. Qd2 h5 7. 0-0-0 b5 8. Bd3 Be6 9. Kb1 c5 10. dxc5 dxc5 11. e5 Nfd7 12. Be4 Qa5 13. Bxa8 b4 14. Nd5 Bxe5 15. Bf4 Kf8 16. Bxe5 Nxe5 17. Ne2 Nc4 18. Qf4 Nd6 19. Qe5 Rg8 20. Nef4 Nf5 21. Qxb8+ Kg7 22. Qe5+ Kh7 23. Nxe6 fxe6 24. Qxe6 Rxa8 25. Nxe7 1-0

[Event "Budapest FS04 FM-A"]
[Site "Budapest"]
[Date "2004.04.08"]
[Round "5"]
[White "Kustra, Pal"]
[Black "Willim, Michael"]
[Result "1-0"]
[WhiteElo "2059"]
[BlackElo "2128"]
[PlyCount "61"]
[EventDate "2004.04.04"]
[EventType "tourn"]
[EventRounds "11"]
[EventCountry "HUN"]
[SourceTitle "CBM 099 Extra"]
[Source "ChessBase"]
[SourceDate "2004.05.04"]
[SourceVersion "1"]
[SourceVersionDate "2004.05.04"]
[SourceQuality "1"]

1. e4 e6 2. c4 c5 3. Nf3 a6 4. Nc3 d6 5. d4 cxd4 6. Nxd4 Nf6 7. Be2 Qc7 8. Be3 b6 9. 0-0 Bb7 10. f3 Nbd7 11. Qe1 Be7 12. Rc1 0-0 13. g4 Ne5 14. b3 Rac8 15. Qg3 Rfe8 16. f4 Nc6 17. g5 Nxd4 18. gxf6 Nxe2+ 19. Nxe2 Bxf6 20. f5 Kh8 21. Nf4 exf5 22. exf5 Be5 23. Qh3 Qe7 24. Ng6+ fxg6 25. fxg6 h6 26. Bxh6 Kg8 27. Be3 Qf6 28. Rxf6 Bxf6 29. Rf1 Rc7 30. Qh7+ Kf8 31. Rxf6+ 1-0